000 00845nam a2200253 a 4500
001 000020010
005 20200929170229.0
008 100712s1962 sp 001 p spa d
040 _aDO-SdBNP
_bspa
_cBNPHU
082 _a861.5
_bM578a, 1962
100 1 _aMesa, Enrique de,
_d1878-1929
_942606
245 1 3 _aAntología poética /
_cEnrique de Mesa ; ensayo preliminar de Ramón Pérez de Ayala.
250 _a4a ed.
260 _aMadrid :
_bEspasa- Calpe,
_c1962.
300 _a149p. ;
_c18 cm.
490 1 _aAustral. Violeta: teatro y poesía
_v223
500 _aIncluye índice de autores.
650 4 _aPoesía española
_9631
650 4 _aLiteratura española
_9632
700 1 _aPérez de Ayala, Ramón
_942607
830 0 _aAustral.
_pVioleta: teatro y poesía;
_v223
_939559
910 _acatalogacion por copia /WM
049 _aBNGR
999 _c19522
_d19522